000
00311nam a2200145Ia 4500
100
_a
Zade/Mohankumar
942
_c
BK
654
_a
Programming
245
_a
Computer Programming II
260
_b
Nirja construction
_a
Pune
_c
1996
082
_a
5.133
_b
ZAD
300
_a
170
546
_a
ENGLISH
999
_c
19087
_d
19087